000 00849cam a22002771 4500
001 17625
003 BD-RjUL
005 20211209000153.0
008 140217s1964 enkch b 001 1 eng d
035 _a(BD-RjUL) 17683
035 _a(OCoLC)229246
040 _aDLC
_cOClU
_dOCoLC
_dDLC
_dBD-RjUL
_beng
041 _aeng
082 0 0 _a822.3
_bBUS 1964
100 _d1559?-1634.
_954350
245 1 0 _aBussy D'Ambois. /
_cEdited by Nicholas Brooke.
260 _aLondon ;
_bMethuen :
_aCambridge ;
_bHarvard University Press,
_cc1964
300 _alxxvi, 169 p. :
_bport., facsims. ;
_c21 cm.
490 0 _aThe Revels plays
504 _aBibliographical footnotes and Index
600 2 0 _aBussy d'Amboise,
_d1549?-1579
_954353
700 1 _aBrooke, Nicholas,
_eed.
_954352
942 _2ddc
_cBK
999 _c17625
_d17625